Cuentos de las cosas que hablan / (Registro nro. 10654)

Detalles MARC
000 -LIDER
fixed length control field 00564nam a22001937a 4500
003 - IDENTIFICACDOR DE NÚMERO DE CONTROL
control field DO-SdBNP
005 - DATE AND TIME OF LATEST TRANSACTION
control field 20180122083521.0
008 - ELEMENTOS DE LONGITUD FIJA
fixed length control field 160704b 1981 sp||||| |||| 00| 0 spa d
020 ## - ISBN
International Standard Book Number 8423927121
040 ## - FUENTE DE CATALOGACIÓN
Agencia que crea de manera original el registro BPMSU
Idioma de catalogación spa
Agencia que realiza la transcripción BPMSU
100 ## - ASIENTO PRINCIPAL -- NOMBRE PERSONAL
Nombre personal Robles, Antonio
245 ## - MENCIÓN DE TITULO
Título Cuentos de las cosas que hablan /
Mención de responsabilidad Antonio Robles ; Juan R. Alonso ilustrador
260 ## - PUBLICACIÓN, DISTRIBUCIÓN, ETC. (PIE DE IMPRENTA)
Lugar de publicación, distribución, etc Madrid :
Nombre del editor, distribuidor, etc. Espasa - Calpe
Fecha de publicación, distribución, etc 1981
300 ## - DESCRIPCIÓN FÍSICA
Extensión 185 p. :
Dimensiones 18 cm
700 ## - ASIENTO SECUNDARIO -- NOMBRE PERSONAL
Nombre personal Alonso, Juan R. ilustrador
942 ## - ADDED ENTRY ELEMENTS (KOHA)
Source of classification or shelving scheme Dewey Decimal Classification
Koha item type Libros
945 ## - INFORMACIÓN DE PROCESAMIENTO LOCAL
Información de procesamiento local inventariado, 2018 / dg
956 ## - LOCAL ELECTRONIC LOCATION AND ACCESS (OCLC)
Nombre de host dgarcia
Número de acceso 10
Existencias
Withdrawn status Lost status Source of classification or shelving scheme Damaged status Not for loan Home library Current library Date acquired Source of acquisition Total Checkouts Barcode Date last seen Price effective from Koha item type
    Dewey Decimal Classification     Biblioteca Pública Metropolitana Salomé Ureña Biblioteca Pública Metropolitana Salomé Ureña 07/04/2016 Donación   BPMSU16070027 07/04/2016 07/04/2016 Libros